000 01044cam a22003617a 4500
003 CHAP
005 20220817040944.0
008 971013s1990 it r 00010 spa d
010 _a3384
011 _a4356
035 _a3558
040 _cCHAP
082 _a639.2
_bF3y v.316
110 _aFAO
245 1 0 _aAquaculture project formulation
260 _aRome :
_bFAO,
_c1990
300 _a129 p
410 _aFAO
490 0 _aDocumento técnico de pesca
_v; 316
590 _aBATCH-UPD
_b10
_c20130110
_lUCH01
_h1256
590 _aBATCH-UPD
_b10
_c20130410
_lUCH01
_h0816
590 _aBATCH-UPD
_b10
_c20130914
_lUCH01
_h1212
590 _aCONVERSION
_b10
_c20130109
_lUCH01
_h1303
650 1 4 _aAcuicultura.
_9758
650 1 4 _aProyectos
_xEvaluación.
_992525
700 0 _aInsull, David.
_959494
700 0 _aNash, Colin E.
_980264
810 0 _aFAO
830 0 0 _aDocumento técnico de pesca
_v; 316
_933242
901 _aBK
942 _cLIBRO
949 _a639.2 F3y v.316
_bBC
_cFAO
_d33724002234587
_eFAO1
_gDonaciØn
_h80713
_i3558
_si
999 _c3384
_d3384